|
|
|
|
| LEADER |
00000nam a2200000 a 4500 |
| 001 |
vtls010452020 |
| 003 |
SK-MaSNL |
| 005 |
20260331210225.0 |
| 008 |
200104s2012 xo o g f 000 0 slo |
| 015 |
|
|
|a SNBA2012/12-06032
|
| 020 |
|
|
|a 9788097071028
|q (brož.)
|
| 035 |
|
|
|a urn:nbn:sk:snk-am00cytu
|
| 035 |
|
|
|a urn:nbn:sk:snk-am3hftq
|
| 035 |
|
|
|a AADC9615-AE93-4BFA-AE91-E0EFD0A538FD
|
| 040 |
|
|
|a SNK
|b slo
|c SNK
|e AACR2
|
| 041 |
0 |
|
|a slo
|
| 044 |
|
|
|a xo
|c SK
|
| 072 |
|
7 |
|a 636
|x Chov zvierat. Živočíšna výroba
|2 konspekt
|
| 080 |
|
|
|a 636.8
|2 2001
|
| 080 |
|
|
|a 636.084.4
|2 2001
|
| 080 |
|
|
|a (083.12)
|2 2001
|
| 080 |
|
|
|a (035)
|2 2001
|
| 100 |
1 |
|
|a Krajčovičová, Jana
|4 pht
|9 7157
|
| 245 |
1 |
0 |
|a Mačacia kuchárka
|c Jana Krajčovičová
|
| 250 |
|
|
|a [1. vyd.]
|
| 260 |
|
|
|a [Giraltovce]
|b ANTRE
|c 2012
|
| 300 |
|
|
|a 29 s.
|b fareb. fotogr.
|c 15 cm
|
| 500 |
|
|
|a Hrebeňová väzba
|
| 500 |
|
|
|a Názov z obalu
|
| 500 |
|
|
|a Miesto vyd. podľa ISBN
|
| 650 |
0 |
7 |
|a mačky
|2 SNKPH
|9 2793
|
| 650 |
0 |
7 |
|a Cats
|2 SNKPHeng
|9 266366
|
| 650 |
0 |
7 |
|a Domestic animal nutrition
|2 SNKPHeng
|9 350987
|
| 650 |
0 |
7 |
|a výživa domácich zvierat
|2 SNKPH
|9 2832
|
| 655 |
|
7 |
|a kuchárske recepty
|2 SNKPH
|9 70493
|
| 655 |
|
7 |
|a Cookbooks
|2 SNKPHeng
|9 270340
|
| 655 |
|
7 |
|a príručky
|2 SNKPH
|9 74364
|
| 655 |
|
7 |
|a Handbooks, manuals, etc.
|2 SNKPHeng
|9 90964
|
| 919 |
|
|
|a 978-80-970710-2-8
|
| 968 |
|
|
|d 36
|
| 999 |
|
|
|c 596121
|d 598051
|
| 952 |
|
|
|a SNK
|b SNK
|y NEVYP
|7 1
|p 17A1049874
|o snkSE 12447
|i snk2012/18519
|8 0
|0 0
|1 0
|4 0
|d 2012-09-20
|f 1
|l 0
|r 2026-02-23 15:39:02
|w 2026-02-23
|
| 952 |
|
|
|a SNK
|b SNK
|y VYP
|7 0
|p 17A1049875
|o snkSE 12447 D1
|i snk2012/18520
|8 0
|0 0
|1 0
|4 0
|d 2012-09-20
|l 0
|r 2026-02-23 15:39:02
|w 2026-02-23
|